000 01087nam a2200337 a 4500
001 000044536
003 DO-SdBNP
005 20170524144142.0
007 000044536
008 140711s2014 dr ac 000 0 spa d
020 _z9789945080385
040 _aBPMSU
_bspa
_cBPMSU
092 _a658.421
_bH731n
100 1 _aHolguín, Mayra
245 1 0 _aNace un emprendedor /
_cMayra Holguín ; prólogo Rosa Maduro.
246 1 3 _aUna guía para emprendedores que sueñan
260 _aSanto Domingo :
_bConadex,
_c2014.
300 _a159 p. :
_bil. ;
_c22 cm.
500 _aIncluye datos biográficos de la autora en la solapa de la cubierta
500 _aIncluye referencias bibliográficas y notas al pie de las páginas
504 _aBibliografía : p. 157-159
650 _aNEGOCIANTES
650 _aEXITO EN LOS NEGOCIOS
700 1 2 _aMaduro, Rosa,
_epról.
930 1 _l Reusar registro
_m
_8
_f
_p
_g
930 1 _l
_m
_8
_f
_p
_g
_h
942 _2ddc
_cBK
956 _a
_b
_c
_l
_h
956 _a
_b
_c
_l
_h
956 _aVMATEO
_b10
_c20150511
_lBPMSU
_h0069
999 _c7839
_d7839